Normal view
MARC view
- Jenkins, Lee M.
Entry Personal Name
001 - CONTROL NUMBER
- control field: 40539
003 - CONTROL NUMBER IDENTIFIER
- control field: OSt
005 - DATE AND TIME OF LATEST TRANSACTION
- control field: 20160731103945.0
008 - FIXED-LENGTH DATA ELEMENTS
- fixed length control field: 160731|| aca||aabn | a|a d
040 ## - CATALOGING SOURCE
- Original cataloging agency: OSt
100 1# - HEADING--PERSONAL NAME
- Personal name: Jenkins, Lee M.
- Fuller form of name: (Lee Margaret)